00543nam a2200145Ia 4500008004100000024004300041082001700084100005000101245003500151260002500186600002100211650003800232952011000270999001700380250506s9999 xx 000 0 und d a11B-33-BS, 11B-001-BS & 11B-006-BS a005.1072 ATT aAtta Hussain, Bilal Shabbir & Syed Waqas Imam 0aProject Task Board (code book) aKarachi:bUIT,c2011 aComputer Science aBachelor of Computer Science (BS) 001040708PR-CSaUITUbUITUd2022-07-26l0o005.1072 ATTpBS-448-Ar2025-05-06 11:34:26w2025-05-06yPR c28436d28436